| 000 | 00939nam a22002057a 4500 | ||
|---|---|---|---|
| 003 | AM-YeHGA | ||
| 005 | 20250617153915.0 | ||
| 008 | 180228s1967 ru ||||| |||| 00| 0 rus d | ||
| 040 | _aAM-YeHGA | ||
| 041 | 0 | _arus | |
| 100 | 1 | _aМельниковская, Ольга Николаевна | |
| 245 | 1 | 0 |
_aПлемена Южной Белоруссии в раннем железном веке / _cО.Н. Мельниковская; АН СССР. Ин-т археологии |
| 260 |
_aМосква : _bНаука, _c1967. |
||
| 300 |
_a195 с., 1 л. ил. : _bил., карт.; _c26 см |
||
| 650 | 1 | 4 |
_aАрхеологические памятники _zЮжная Белоруссия |
| 650 | 1 | 4 |
_aЖелезный век на территории СССР _zЮжная Белоруссия |
| 710 | 2 | _aИнститут археологии Академия Наук СССР | |
| 942 |
_2udc _cBK |
||
| 090 | _c402625 | ||
| 999 |
_c400428 _d400428 |
||